Os impostores da genética (Registo nº 200209)

Detalhes MARC
000 -Etiqueta do registo
Valores 00659nam 22002293 4500
010 ## - Número ISBN
ISBN 972-710-326-X
021 ## - Número do Depósito Legal
Código do país Portugal
Número 191739/03
100 ## - Dados gerais de processamento
Dados gerais 20260127d u||y0pory50 ba
200 ## - Titulo e menção de responsabilidade
Título próprio Os impostores da genética
Primeira menção de responsabilidade Bertrand Jordan
Outras menções de responsabilidade tradução de Augusto Joaquim
205 ## - Menção da edição
Edição
210 ## - Publicação
Local de publicação Lisboa
Nome do editor Terramar
Data de publicação 2003
215 ## - Descrição física 
Paginação / Volumes 226, [6] p.
Outras indicações físicas brochado
Dimensões 24 cm
225 ## - Colecção 
Título próprio da colecção Ciência e...
Número de parte ou secção 11
606 ## - Nome comum usado como assunto
ID Autoridade 15897
Palavra de ordem Genética geral. Citogenética geral
675 ## - CDU
Notação 575
Edição PT
Língua por
700 ## - Autor principal (pessoa individual)
ID Autoridade 16045
Apelido Jordan
Nome Bertrand
702 ## - Autor secundário (pessoa individual)
ID Autoridade 10548
Apelido Joaquim
Nome Augusto
801 ## - Fonte de origem
País PT
Agência BMMN
Regras de catalogação RPC
830 ## - Notas gerais do catalogador
Criado por Vanda
990 ## - Elementos KOHA
Tipo de documento Livro
Exemplares
Situação do levantamento Biblioteca de origem Código de barras Cota Permissão de empréstimo Tipo de documento Forma de aquisição
  Biblioteca Municipal de Montemor-o-Novo 29319 575 JOR|DEP   Livro Compra

Powered by Koha